Islam in east Africa / (Record no. 20427)

MARC details
000 -LEADER
fixed length control field 00985cam a2200301 i 4500
001 - CONTROL NUMBER
control field 2755478
003 - CONTROL NUMBER IDENTIFIER
control field BDDh-ASL
005 - DATE AND TIME OF LATEST TRANSACTION
control field 20231015025904.0
008 - FIXED-LENGTH DATA ELEMENTS--GENERAL INFORMATION
fixed length control field 790828r1980 nyub b 001 0 eng
010 ## - LIBRARY OF CONGRESS CONTROL NUMBER
LC control number 79052567
020 ## - INTERNATIONAL STANDARD BOOK NUMBER
International Standard Book Number 0836992709
040 ## - CATALOGING SOURCE
Original cataloging agency DLC
Transcribing agency DLC
Modifying agency DLC
-- BDDh-ASL
043 ## - GEOGRAPHIC AREA CODE
Geographic area code fe-----
050 10 - LIBRARY OF CONGRESS CALL NUMBER
Classification number BP64.A4
Item number E27 1980
082 00 - DEWEY DECIMAL CLASSIFICATION NUMBER
Classification number 297.0967
Item number TRI
100 1# - MAIN ENTRY--PERSONAL NAME
Personal name Trimingham, J. Spencer
Fuller form of name (John Spencer),
Dates associated with a name 1904-
245 10 - TITLE STATEMENT
Title Islam in east Africa /
Statement of responsibility, etc. J. Spencer Trimingham.
260 ## - PUBLICATION, DISTRIBUTION, ETC.
Place of publication, distribution, etc. New York :
Name of publisher, distributor, etc. Books for Libraries,
Date of publication, distribution, etc. 1980, c1964.
300 ## - PHYSICAL DESCRIPTION
Extent xii, 198 p. :
Other physical details maps ;
Dimensions 23 cm.
490 1# - SERIES STATEMENT
Series statement Islam
500 ## - GENERAL NOTE
General note Reprint of the ed. published by Clarendon Press, Oxford.
504 ## - BIBLIOGRAPHY, ETC. NOTE
Bibliography, etc. note Includes bibliographical references and index.
650 #0 - SUBJECT ADDED ENTRY--TOPICAL TERM
Topical term or geographic name entry element Islam
Geographic subdivision Africa, Eastern
General subdivision History.
651 #0 - SUBJECT ADDED ENTRY--GEOGRAPHIC NAME
Geographic name Africa, Eastern
General subdivision Religious life and customs.
830 #0 - SERIES ADDED ENTRY--UNIFORM TITLE
Uniform title Islam (New York, N.Y.)
906 ## - LOCAL DATA ELEMENT F, LDF (RLIN)
a 7
b cbc
c orignew
d 1
e ocip
f 19
g y-gencatlg
942 ## - ADDED ENTRY ELEMENTS (KOHA)
Source of classification or shelving scheme Dewey Decimal Classification
Koha item type Books
Holdings
Withdrawn status Lost status Source of classification or shelving scheme Damaged status Not for loan Collection code Home library Current library Shelving location Date acquired Source of acquisition Total Checkouts Full call number Barcode Date last seen Copy number Price effective from Koha item type
    Dewey Decimal Classification     Non-fiction Asiatic Society Library Asiatic Society Library General Stacks 01/09/2021 ASB Collection   297.0967 TRI 103872 01/09/2021 C-1 01/09/2021 Books

Powered by Koha